| 000 | 00714cab a2200241 4500 | ||
|---|---|---|---|
| 001 | ABS36996 | ||
| 008 | 090401t1986 xxu||||| |||| 00| 0 eng d | ||
| 035 | _a(Sirsi) u1424 | ||
| 041 | _aeng | ||
| 100 | _aClark, P. | ||
| 245 | _aJoint venture looks the best option | ||
| 260 | _c1986 | ||
| 350 | _a0 | ||
| 490 |
_aEstates Times _v(865) 10 October 1986, 10 (1) |
||
| 520 | _aThis article examines the options available for those considering developing land. Concludes that a joint venture may be the best solution. | ||
| 650 | _aPARTNERSHIPS | ||
| 650 | _aPROPERTY DEVELOPMENT | ||
| 690 | _aPLANNING LAW AND PRACTICE | ||
| 700 | _aHall, S. | ||
| 700 | _aWebber, R. | ||
| 942 | _n0 | ||
| 948 | _c04/03/1997 | ||
| 999 |
_c788 _d788 |
||